000 01277nam a22002777a 4500
005 20180809120349.0
010 _aHIN-101840 B-698967-996
020 _c400.00
_a9788170780991
020 _c475.00
035 _aHN-74186
035 _aB-698967-996
037 _bDBAD / PUB
082 _a133.603
082 _a133.1
100 _aशर्मा, हरिदत्त
245 _aहस्तरेखा विश्व-कोश /
_cहरिदत्त शर्मा
246 _aHastrekha Vishv-Kosh
_bby Haridutt Sharma
260 _aनई दिल्ली
_bसुबोध पब्लिकेशन्स
_c2014
_c2017
270 _a2/3-बी, अंसारी रोड
_bनई दिल्ली
_e110002
300 _aix,340पृ
_a296पृ
_c22 सेमी (सजिल्द)
650 _aHindi Poetry
650 _aहिन्दी कविताएँ
700 _d
942 _adpl
_cHN
_k
_2ddc
_h133.1
_mशर्माह
999 _c82867
_d82867